| 000 | 00436nam a22001817a 4500 | ||
|---|---|---|---|
| 003 | NUST - PNEC | ||
| 005 | 20170116181003.0 | ||
| 008 | 150912b xxu||||| |||| 00| 0 eng d | ||
| 020 | _a- | ||
| 040 | _cLIBRARY | ||
| 082 | _a621.381 GRA | ||
| 100 |
_99660 _aGray, Truman S. |
||
| 245 |
_aApplied electronics _cTruman S. Gray |
||
| 250 | _a2nd ed. | ||
| 260 | _cc.1954 | ||
| 650 |
_99663 _aApplied Electronics _xEL |
||
| 942 |
_2ddc _cBK |
||
| 999 |
_c66795 _d66795 |
||